| 000 | 00345nam a22001457a 4500 | ||
|---|---|---|---|
| 003 | OSt | ||
| 005 | 20220217144145.0 | ||
| 008 | 220217b |||||||| |||| 00| 0 eng d | ||
| 020 | _a0930011031 | ||
| 040 | _cHU | ||
| 082 | _a658.562 | ||
| 100 |
_aPyzdek _930764 |
||
| 245 | _aPyzdek's Guide To Spc Volume One Fundamentals | ||
| 942 |
_2ddc _cBOOKS _n0 |
||
| 999 |
_c30705 _d30705 |
||